Normal view
MARC view
- Hayward, David O.
Entry Personal Name
001 - CONTROL NUMBER
- control field: 10760
003 - CONTROL NUMBER IDENTIFIER
- control field: NUST
005 - DATE AND TIME OF LATEST TRANSACTION
- control field: 20180601074035.0
008 - FIXED-LENGTH DATA ELEMENTS
- fixed length control field: 180601|| aca||aabn | a|a d
040 ## - CATALOGING SOURCE
- Original cataloging agency: NUST
- Transcribing agency: NUST
100 ## - HEADING--PERSONAL NAME
- Personal name: Hayward, David O.
- Fuller form of name: (David Oldham)
670 ## - SOURCE DATA FOUND
- Source citation: Work cat.: (NUST)0: Hayward, David O. (David Oldham), Quantum mechanics for chemists /, c2002.
